Production processes : the productivity handbook (Record no. 61499)

000 -LEADER
fixed length control field 00645nam a22001817a 4500
003 - CONTROL NUMBER IDENTIFIER
control field NUST-PNEC
005 - DATE AND TIME OF LATEST TRANSACTION
control field 20170116180723.0
008 - FIXED-LENGTH DATA ELEMENTS--GENERAL INFORMATION
fixed length control field 141029b xxu||||| |||| 00| 0 eng d
040 ## - CATALOGING SOURCE
Transcribing agency PNEC
082 ## - DEWEY DECIMAL CLASSIFICATION NUMBER
Classification number 670.020 BOL
100 ## - MAIN ENTRY--PERSONAL NAME
9 (RLIN) 863
Personal name Bolz, Roger W.
245 ## - TITLE STATEMENT
Title Production processes : the productivity handbook
Statement of responsibility, etc. Roger W. Bloz
260 ## - PUBLICATION, DISTRIBUTION, ETC.
Place of publication, distribution, etc. New York, N.Y. :
Name of publisher, distributor, etc. Industrial Press,
Date of publication, distribution, etc. 1974
300 ## - PHYSICAL DESCRIPTION
Extent 952 p. :
Dimensions 26 cm.
500 ## - GENERAL NOTE
General note http://www.amazon.com/Production-Processes-Productivit-Roger-Bolz/dp/1114631361/ref=sr_1_1?s=books&ie=UTF8&qid=1414577509&sr=1-1&keywords=production+process+by+roger+1974
654 ## - SUBJECT ADDED ENTRY--FACETED TOPICAL TERMS
General subdivision IME
942 ## - ADDED ENTRY ELEMENTS (KOHA)
Source of classification or shelving scheme
Koha item type Book
Holdings
Withdrawn status Lost status Source of classification or shelving scheme Damaged status Not for loan Permanent Location Current Location Shelving location Date acquired Source of acquisition Cost, normal purchase price Total Checkouts Full call number Barcode Date last seen Cost, replacement price Price effective from Koha item type
          Pakistan Navy Engineering College (PNEC) Pakistan Navy Engineering College (PNEC) Reference 05/23/1987 NBF 40.00   670.020 BOL PNECLIB-010403 10/29/2014 40.00 10/29/2014 Book
© 2023 Central Library, National University of Sciences and Technology. All Rights Reserved.